000 00823caa a22002417a 4500
999 _c413512
_d413512
001 126247
003 UA-OsUOA
005 20200116141922.0
007 ta
008 20171012b un ||||| |||| 00| 0 ukr d
040 _aUA-OsUOA
_bukr
_cUA-OsUOA
_dUA-OsUOA
041 _aukr
080 _a908
090 _a908
_bП77
100 _aПрищепа О.
245 _aВища педагогічна освіта на Рівненщині: віхи історії (1944–60-і рр.)
_cО. Прищепа
300 _aС. 143–156
650 7 _a908 Краєзнавство
_2UDC
773 0 _0352294
_9378920
_dОстрог 2009
_o125672
_tНаукові записки
_w(UA-OsUOA) 66563
_z966-7631-62-1
942 _cBKA
_2udc
955 _a1